Phong cách học tiếng Việt Đã được hội đồng thẩm định sách của Bộ Giáo dục và Đào tạo giới thiệu làm sách dùng chung cho các trường Đại học sư phạm

Salvato in:
Dettagli Bibliografici
Autore principale: Đinh, Trọng Lạc
Altri autori: Nguyễn, Thái Hòa
Natura: Libro
Lingua:Undetermined
Pubblicazione: H. Giáo dục 1999
Soggetti:
Accesso online:http://lrc.tdmu.edu.vn/opac/search/detail.asp?aID=2&ID=6439
Tags: Aggiungi Tag
Nessun Tag, puoi essere il primo ad aggiungerne! !
Thư viện lưu trữ: Trung tâm Học liệu Trường Đại học Thủ Dầu Một
LEADER 00827nam a2200217Ia 4500
001 TDMU_6439
008 210410s9999 xx 000 0 und d
082 |a 495.922 
090 |b Đ312 
100 |a Đinh, Trọng Lạc 
245 0 |a Phong cách học tiếng Việt 
245 0 |b Đã được hội đồng thẩm định sách của Bộ Giáo dục và Đào tạo giới thiệu làm sách dùng chung cho các trường Đại học sư phạm 
245 0 |c Đinh Trọng Lạc 
260 |a H. 
260 |b Giáo dục 
260 |c 1999 
300 |a 319tr 
650 |a Tiếng Việt học 
700 |a Nguyễn, Thái Hòa 
856 |u http://lrc.tdmu.edu.vn/opac/search/detail.asp?aID=2&ID=6439 
980 |a Trung tâm Học liệu Trường Đại học Thủ Dầu Một